Somatic embryo germination in Hevea brasiliensis: Effect of embryo desiccation, phytohormones and phloroglucinol (Record no. 48821)

MARC details
000 -LEADER
fixed length control field 00597nam a2200217Ia 4500
100 ## - MAIN ENTRY--AUTHOR NAME
Personal name Kala R G
245 #0 - TITLE STATEMENT
Title Somatic embryo germination in Hevea brasiliensis: Effect of embryo desiccation, phytohormones and phloroglucinol
260 ## - PUBLICATION, DISTRIBUTION, ETC. (IMPRINT)
Name of publisher Rubber Science
Year of publication 2015
300 ## - PHYSICAL DESCRIPTION
Number of Pages 52-61
650 ## - SUBJECT ADDED ENTRY--TOPICAL TERM
Topical Term Embryo desiccation
650 ## - SUBJECT ADDED ENTRY--TOPICAL TERM
Topical Term Germination
650 ## - SUBJECT ADDED ENTRY--TOPICAL TERM
Topical Term Phloroglucinol
650 ## - SUBJECT ADDED ENTRY--TOPICAL TERM
Topical Term Phytohormones
700 ## - ADDED ENTRY--PERSONAL NAME
Personal name Jayasree R
700 ## - ADDED ENTRY--PERSONAL NAME
Personal name Leda P
700 ## - ADDED ENTRY--PERSONAL NAME
Personal name Sobha S
700 ## - ADDED ENTRY--PERSONAL NAME
Personal name Thulaseedharan A
700 ## - ADDED ENTRY--PERSONAL NAME
Personal name Tisha L T
942 ## - ADDED ENTRY ELEMENTS (KOHA)
Koha item type Bibliography STAF
Holdings
Withdrawn status Lost status Damaged status Not for loan Home library Current library Shelving location Date acquired Serial Enumeration / chronology Koha item type
      Bibliography RRII Library RRII Library Biotechnology 05/11/2015 Volume 28, Issue 1 Bibliography STAF